[Event "SR 2. liga A 2016/2017"]
[Site "?"]
[Date "2016.11.06"]
[Round "4.5"]
[White "Balogh, Peter"]
[Black "Turna, Stefan"]
[Result "1/2-1/2"]
[WhiteElo "2280"]
[BlackElo "2171"]
[PlyCount "74"]
[EventDate "2016.??.??"]

1. d4 Nf6 2. c4 g6 3. Nc3 Bg7 4. e4 d6 5. f3 O-O 6. Be3 Nbd7 7. Bd3 e5 8. d5
Nc5 9. Bc2 a5 10. Nge2 Bd7 11. Qd2 Nh5 12. g4 Nf4 13. Nxf4 exf4 14. Bxf4 f5 15.
Bg5 Qe8 16. gxf5 Rxf5 17. O-O Rf7 18. Rae1 Qf8 19. f4 Re8 20. b3 b6 21. Nb5 Bf6
22. Bxf6 Rxf6 23. Nxc7 Rc8 24. Nb5 Bxb5 25. cxb5 Qh6 26. e5 dxe5 27. Rxe5 Rcf8
28. d6 Rxf4 29. Rxf4 Qxf4 30. Qxf4 Rxf4 31. Rd5 Nd7 32. Bd3 Kf7 33. Bc4 Ke6 34.
Rd4+ Ke5 35. Rd5+ Ke6 36. Rd2+ Ke5 37. Rd5+ Ke6 1/2-1/2

[Event "SR 2. liga A 2016/2017"]
[Site "?"]
[Date "2016.11.06"]
[Round "4.5"]
[White "Sulek, Viliam"]
[Black "Gruca, Miroslav"]
[Result "1/2-1/2"]
[WhiteElo "2062"]
[BlackElo "2214"]
[PlyCount "49"]
[EventDate "2016.??.??"]

1. e4 c6 2. d4 d5 3. exd5 cxd5 4. Bd3 Nc6 5. c3 Qc7 6. Nf3 Bg4 7. O-O e6 8. Re1
Bd6 9. h3 Bh5 10. Nbd2 Nf6 11. Nf1 O-O 12. Bg5 Rab8 13. a4 Bf4 14. Bh4 a6 15.
Bg3 b5 16. axb5 axb5 17. Ra6 Bxg3 18. Nxg3 Bg6 19. Bxg6 hxg6 20. Qa1 Rb6 21.
Ra8 Rfb8 22. Rxb8+ Qxb8 23. b4 Qc8 24. Re2 Ra6 25. Ra2 1/2-1/2

[Event "SR 2. liga A 2016/2017"]
[Site "?"]
[Date "2016.11.06"]
[Round "4.5"]
[White "Slacky, Stanislav"]
[Black "Nestorenko, Dmitry"]
[Result "1/2-1/2"]
[WhiteElo "2193"]
[BlackElo "2050"]
[PlyCount "93"]
[EventDate "2016.??.??"]

1. d4 f5 2. Nf3 Nf6 3. g3 e6 4. Bg2 d5 5. O-O Bd6 6. b3 Qe7 7. c4 c6 8. a4 b6
9. Ba3 Bxa3 10. Nxa3 Nbd7 11. cxd5 exd5 12. Qc2 Ba6 13. Ne5 Nxe5 14. dxe5 Qxe5
15. Qxc6+ Kf7 16. Nb5 Kg6 17. Qc7 Qxc7 18. Nxc7 Bxe2 19. Rfe1 Rac8 20. Rac1 Bc4
21. bxc4 Rxc7 22. cxd5 Rhc8 23. Rc6 Rxc6 24. dxc6 Ne4 25. g4 Kf6 26. gxf5 Nc5
27. a5 Rc7 28. axb6 axb6 29. Rb1 Kxf5 30. Rxb6 Ke5 31. Rb8 Ne6 32. Re8 Kd6 33.
Bh3 Nf4 34. Bd7 Ra7 35. h4 Ng6 36. Re6+ Kd5 37. h5 Ne5 38. Re7 Kd6 39. Re6+ Kd5
40. Re7 Kd6 41. Rxg7 Nxc6 42. Rxh7 Rxd7 43. Rxd7+ Kxd7 44. h6 Ne5 45. f4 Nf7
46. h7 Ke6 47. Kf2 1/2-1/2

[Event "SR 2. liga A 2016/2017"]
[Site "?"]
[Date "2016.11.06"]
[Round "4.5"]
[White "Kostolansky, Sebastian Lukas"]
[Black "Koloditsova, Renata"]
[Result "1-0"]
[WhiteElo "2007"]
[BlackElo "1943"]
[PlyCount "117"]
[EventDate "2016.??.??"]

1. e4 e6 2. d4 d5 3. Nd2 c5 4. exd5 Qxd5 5. dxc5 Bxc5 6. Ngf3 Nf6 7. Bc4 Qd8 8.
Qe2 O-O 9. O-O a6 10. Ne4 Be7 11. Rd1 Qc7 12. Nxf6+ Bxf6 13. Bd3 Nc6 14. Qe4 g6
15. Bf4 e5 16. Bg5 Bg7 17. Qh4 f5 18. Bh6 Kh8 19. Ng5 Bxh6 20. Qxh6 Qg7 21.
Qxg7+ Kxg7 22. Bc4 Rf6 23. Rd2 e4 24. f4 h6 25. Nh3 b5 26. Bd5 Ra7 27. Bxc6
Rxc6 28. c3 Re7 29. Re1 Be6 30. a3 Bc4 31. Kf2 Rce6 32. Ke3 Kf6 33. g3 g5 34.
Rd4 g4 35. Nf2 h5 36. h4 Rc6 37. Red1 Bb3 38. R1d2 Ree6 39. Rd8 Re7 40. Rh8 Bf7
41. Rhd8 Rec7 42. Nd1 Ke7 43. Kf2 Be6 44. Rh8 Bf7 45. Ne3 Rc5 46. Rh6 a5 47. b4
axb4 48. axb4 Rxc3 49. Nxf5+ Kf8 50. Rd8+ Be8 51. Rh8+ Kf7 52. Nd6+ Kg6 53. f5+
Kg7 54. Nxe8+ Kxh8 55. Nxc7+ Kg7 56. f6+ Kf7 57. Rd7+ Kf8 58. Ne6+ Ke8 59. Re7#
1-0

[Event "SR 2. liga A 2016/2017"]
[Site "?"]
[Date "2016.11.06"]
[Round "4.5"]
[White "Pusec, Pavel"]
[Black "Cambel, Vladimir"]
[Result "1-0"]
[WhiteElo "1984"]
[BlackElo "2008"]
[PlyCount "81"]
[EventDate "2016.??.??"]

1. c4 Nf6 2. Nc3 g6 3. e4 d6 4. d4 Bg7 5. Be2 O-O 6. h4 h5 7. Bg5 Nbd7 8. Qd2
b5 9. cxb5 a6 10. bxa6 Bxa6 11. Bxa6 Rxa6 12. Nf3 c5 13. d5 Qb6 14. O-O Rb8 15.
Rab1 Qa7 16. Qc2 Nb6 17. b3 Nbd7 18. a4 Rb4 19. Rfe1 Qb7 20. Nb5 c4 21. bxc4
Raxa4 22. Rxb4 Rxb4 23. Bd2 Rxb5 24. cxb5 Qxb5 25. Bg5 Qa5 26. Bd2 Qb6 27. Qc8+
Nf8 28. Qc6 Qb3 29. Bc3 Qa2 30. Ra1 Qe2 31. Re1 Qa2 32. Ra1 Qe2 33. Bxf6 Bxf6
34. Re1 Qb2 35. g3 Qb4 36. Qc2 Kg7 37. Rb1 Qa3 38. Kg2 Nd7 39. Qc8 Nc5 40. Rb8
Kh6 41. Ng5 1-0

[Event "SR 2. liga A 2016/2017"]
[Site "?"]
[Date "2016.11.06"]
[Round "4.5"]
[White "Hudec, Jan"]
[Black "Lesny, Stefan"]
[Result "1/2-1/2"]
[WhiteElo "2047"]
[BlackElo "2021"]
[PlyCount "23"]
[EventDate "2016.??.??"]

1. d4 d5 2. c4 e6 3. Nc3 c6 4. Nf3 Bd6 5. e4 dxe4 6. Nxe4 Be7 7. Bd3 Nf6 8. O-O
Nbd7 9. Ne5 Nxe5 10. dxe5 Nxe4 11. Bxe4 Qxd1 12. Rxd1 1/2-1/2

[Event "SR 2. liga A 2016/2017"]
[Site "?"]
[Date "2016.11.06"]
[Round "4.5"]
[White "Ujhelyi, Matus"]
[Black "Zetocha, Adrian"]
[Result "0-1"]
[WhiteElo "1913"]
[BlackElo "1825"]
[PlyCount "128"]
[EventDate "2016.??.??"]

1. Nf3 Nf6 2. g3 d5 3. d4 e6 4. Bg2 Bd6 5. O-O O-O 6. Bg5 Nbd7 7. Nbd2 h6 8.
Bxf6 Nxf6 9. Re1 b6 10. a3 Bb7 11. Rc1 Re8 12. c4 c6 13. Ne5 Rc8 14. e4 c5 15.
exd5 exd5 16. cxd5 Nxd5 17. Qh5 Bxe5 18. dxe5 Nf4 19. gxf4 Bxg2 20. Nc4 Qd5 21.
Nd6 Bf3 22. Qh3 Rc6 23. Re3 Qd2 24. Rcc3 Qd1+ 25. Qf1 Re6 26. f5 Re7 27. Re1
Rxd6 28. Rxf3 Qxf3 29. exd6 Rd7 30. Re3 Qxf5 31. Qe1 Rxd6 32. Kg2 Qd5+ 33. Kg1
Qd1 34. Qxd1 Rxd1+ 35. Kg2 Kf8 36. Kg3 Rd2 37. b3 f5 38. Rf3 g6 39. h4 Kf7 40.
h5 Rd4 41. a4 Kf6 42. hxg6 Kxg6 43. Rc3 Kg5 44. a5 h5 45. axb6 axb6 46. Kg2 h4
47. Re3 Rb4 48. Rd3 b5 49. Rc3 c4 50. bxc4 Rxc4 51. Rb3 b4 52. Kh2 f4 53. f3
Rc2+ 54. Kh3 Rc3 55. Rxb4 Rxf3+ 56. Kh2 Kg4 57. Rb8 Rg3 58. Rb4 h3 59. Kh1 Rc3
60. Kh2 Rc2+ 61. Kh1 Kg3 62. Rb3+ f3 63. Rb1 Rh2+ 64. Kg1 f2+ 0-1

[Event "SR 2. liga A 2016/2017"]
[Site "?"]
[Date "2016.11.06"]
[Round "4.6"]
[White "Janos, Martin"]
[Black "Keresztes, Richard"]
[Result "1/2-1/2"]
[WhiteElo "2231"]
[BlackElo "2208"]
[PlyCount "100"]
[EventDate "2016.??.??"]

1. e4 Nc6 2. Nf3 d6 3. Bc4 Nf6 4. d3 g6 5. h3 Bg7 6. Nc3 O-O 7. a3 e5 8. O-O
Be6 9. Bb5 Nd4 10. Nxd4 exd4 11. Ne2 c6 12. Ba4 b5 13. Bb3 Bxb3 14. cxb3 Qb6
15. b4 c5 16. Bg5 c4 17. Nf4 Qb7 18. Bxf6 Bxf6 19. Nd5 Bg7 20. b3 f5 21. bxc4
bxc4 22. dxc4 fxe4 23. Qg4 Rae8 24. Rae1 e3 25. fxe3 Rxf1+ 26. Rxf1 dxe3 27.
Re1 Be5 28. Rxe3 Qg7 29. Kh1 h5 30. Qe2 Rf8 31. Rf3 Rxf3 32. Qxf3 Qh6 33. Qe3
Qf8 34. Qc1 Qf2 35. Qg1 Qg3 36. Ne7+ Kf8 37. Nc6 Bf4 38. Nd4 Be3 39. Qf1+ Ke7
40. Nf3 g5 41. Qd3 Qf2 42. Qb1 Kf6 43. Qd1 Qg3 44. Nh2 Bf4 45. Nf1 Qxa3 46.
Qxh5 Qxb4 47. Qh8+ Ke7 48. Qg7+ Kd8 49. Qxa7 Qxc4 50. Qf2 Qe4 1/2-1/2

[Event "SR 2. liga A 2016/2017"]
[Site "?"]
[Date "2016.11.06"]
[Round "4.6"]
[White "Darazs, Zoltan"]
[Black "Tepper, Frantisek"]
[Result "1/2-1/2"]
[WhiteElo "2166"]
[BlackElo "2087"]
[PlyCount "64"]
[EventDate "2016.??.??"]

1. e4 e5 2. Nf3 Nc6 3. Bb5 Bc5 4. O-O Nd4 5. Nxd4 Bxd4 6. c3 Bb6 7. d4 c6 8.
Ba4 d6 9. f4 Nf6 10. Bc2 h6 11. h3 O-O 12. Na3 Re8 13. Re1 exf4 14. Bxf4 d5 15.
e5 Nh7 16. Qd3 Nf8 17. Re3 Qh4 18. Rf1 Bd8 19. c4 a6 20. cxd5 cxd5 21. Rf2 Be6
22. Bg3 Qg5 23. Nb1 Ba5 24. a3 Rec8 25. b4 Bd8 26. Nd2 Be7 27. Nb3 b6 28. Bb1
Rc7 29. Kh2 a5 30. bxa5 bxa5 31. Nc5 Bxc5 32. dxc5 Rxc5 1/2-1/2

[Event "SR 2. liga A 2016/2017"]
[Site "?"]
[Date "2016.11.06"]
[Round "4.6"]
[White "Janos, Jozef"]
[Black "Marosi, Csaba"]
[Result "1/2-1/2"]
[WhiteElo "2175"]
[BlackElo "1997"]
[PlyCount "54"]
[EventDate "2016.??.??"]

1. Nf3 c5 2. c4 e6 3. Nc3 a6 4. e4 Qc7 5. Be2 b6 6. O-O d6 7. d3 Bb7 8. Bf4 Nd7
9. a3 Ngf6 10. h3 Be7 11. Bh2 O-O 12. Re1 Rac8 13. Nd2 Qb8 14. f4 Rfd8 15. Bf3
Nf8 16. Qe2 b5 17. b3 Bc6 18. a4 N6d7 19. axb5 axb5 20. e5 b4 21. Nd1 dxe5 22.
Bxc6 Rxc6 23. fxe5 Ng6 24. Nf3 Rc7 25. Nf2 Ra7 26. Qb2 Nh4 27. Nxh4 Bxh4
1/2-1/2

[Event "SR 2. liga A 2016/2017"]
[Site "?"]
[Date "2016.11.06"]
[Round "4.6"]
[White "Veselsky, Jozef"]
[Black "Kolcak, Marek"]
[Result "0-1"]
[WhiteElo "2081"]
[BlackElo "2113"]
[PlyCount "102"]
[EventDate "2016.??.??"]

1. d4 d5 2. Nf3 Nf6 3. c4 dxc4 4. Nc3 a6 5. a4 e6 6. e3 c5 7. Bxc4 Nc6 8. O-O
Be7 9. b3 O-O 10. Bb2 cxd4 11. exd4 Na5 12. Bd3 b6 13. Ne4 Nd5 14. Ned2 Bb7 15.
Nc4 Nc6 16. Nfe5 Nxe5 17. dxe5 Nf4 18. Bc2 Bxg2 19. Qg4 Bxf1 20. Kxf1 Ng6 21.
Be4 Ra7 22. Re1 Bc5 23. Bc1 Qh4 24. Qxh4 Nxh4 25. Rd1 b5 26. Na5 f5 27. Bh1 Rc7
28. Nc6 Rfc8 29. Bg5 Ng6 30. b4 Be7 31. Nxe7+ Nxe7 32. axb5 axb5 33. Rd6 Kf7
34. Bf3 Rc4 35. Be2 Nc6 36. Rd7+ Kf8 37. Rb7 Nxe5 38. Bd2 Rc2 39. Bf4 Nc4 40.
Rxb5 g5 41. Bb8 Nd2+ 42. Kg1 g4 43. Bd6+ Kf7 44. Bf4 Nf3+ 45. Bxf3 gxf3 46. h4
R8c4 47. Be3 Rb2 48. Rb7+ Kg6 49. b5 Rg4+ 50. Kh2 Rg2+ 51. Kh3 Rb1 0-1

[Event "SR 2. liga A 2016/2017"]
[Site "?"]
[Date "2016.11.06"]
[Round "4.6"]
[White "Fabry, Robert"]
[Black "Szitasi, Janos"]
[Result "1/2-1/2"]
[WhiteElo "2077"]
[BlackElo "1980"]
[PlyCount "24"]
[EventDate "2016.??.??"]

1. e4 c5 2. Nf3 Nc6 3. d4 cxd4 4. Nxd4 d6 5. c4 Nf6 6. Nc3 g6 7. Be2 Bg7 8. Be3
O-O 9. O-O Bd7 10. h3 a6 11. Rc1 Rc8 12. Qb3 Nxd4 1/2-1/2

[Event "SR 2. liga A 2016/2017"]
[Site "?"]
[Date "2016.11.06"]
[Round "4.6"]
[White "Merva, Frantisek"]
[Black "Mikulas, Dusan"]
[Result "1/2-1/2"]
[WhiteElo "2102"]
[BlackElo "2064"]
[PlyCount "51"]
[EventDate "2016.??.??"]

1. b3 e5 2. Bb2 Nc6 3. e3 d5 4. Bb5 f6 5. d4 e4 6. c4 a6 7. Bxc6+ bxc6 8. cxd5
cxd5 9. Qc1 Bb7 10. Ba3 Bd6 11. Ne2 Ne7 12. Nbc3 O-O 13. O-O f5 14. g3 Rf6 15.
Bxd6 Rxd6 16. Na4 Qe8 17. Qb2 Bc6 18. Rac1 Qh5 19. Nc5 a5 20. a4 Qf3 21. Nf4 g5
22. Nfe6 Qh5 23. Kg2 Qh6 24. Rh1 Qg6 25. Nxc7 Rc8 26. Nb5 1/2-1/2

[Event "SR 2. liga A 2016/2017"]
[Site "?"]
[Date "2016.11.06"]
[Round "4.6"]
[White "Kolman, Richard"]
[Black "Kalmar, Tamas"]
[Result "1/2-1/2"]
[WhiteElo "2052"]
[BlackElo "2056"]
[PlyCount "83"]
[EventDate "2016.??.??"]

1. d4 d5 2. Nf3 Nf6 3. Bf4 g6 4. e3 Bg7 5. Bd3 O-O 6. h3 c5 7. c3 Qb6 8. Qb3
Nc6 9. Nbd2 Qxb3 10. axb3 Nd7 11. Bb5 a6 12. O-O Ra7 13. Bxc6 bxc6 14. dxc5
Nxc5 15. Be5 Bf5 16. Bxg7 Kxg7 17. Ne5 Rc8 18. b4 Nb7 19. g4 Be6 20. Nb3 f6 21.
Nd3 Rca8 22. Nbc5 Bc8 23. Nxb7 Rxb7 24. Ra5 Rb5 25. Rfa1 Rxa5 26. Rxa5 Rb8 27.
f4 Kf7 28. Kf2 Rb5 29. Kf3 Ke6 30. e4 Kd6 31. e5+ fxe5 32. fxe5+ Kc7 33. h4 Kb6
34. Ra3 a5 35. bxa5+ Rxa5 36. Rxa5 Kxa5 37. g5 Ka4 38. Nc1 Ba6 39. Ke3 c5 40.
Kd2 Bf1 41. Ke3 e6 42. Kf2 1/2-1/2

[Event "SR 2. liga A 2016/2017"]
[Site "?"]
[Date "2016.11.06"]
[Round "4.6"]
[White "Meszaros, Lorant"]
[Black "Kuna, Vladimir"]
[Result "1-0"]
[WhiteElo "2015"]
[BlackElo "1999"]
[PlyCount "97"]
[EventDate "2016.??.??"]

1. d4 d5 2. c4 e6 3. Nf3 Nf6 4. g3 Be7 5. Bg2 O-O 6. O-O c6 7. b3 Nbd7 8. Nc3
Re8 9. Qc2 Nf8 10. Rd1 Ng6 11. h4 Qa5 12. e4 dxe4 13. Nxe4 Nxe4 14. Qxe4 Bf6
15. Bg5 Bxg5 16. Nxg5 Bd7 17. Qf3 f6 18. Ne4 Qc7 19. h5 Nh8 20. h6 Rf8 21. hxg7
Kxg7 22. Nc5 Ng6 23. Re1 e5 24. Rad1 Rad8 25. d5 cxd5 26. Rxd5 Bc8 27. Red1 b6
28. Ne4 f5 29. Nd6 Be6 30. R5d2 Qe7 31. Bh3 Rb8 32. Nxf5+ Bxf5 33. Bxf5 Rbd8
34. Qe4 Rxd2 35. Rxd2 Qf6 36. g4 Rf7 37. f3 Qg5 38. Bxg6 hxg6 39. Re2 Qc1+ 40.
Kg2 Re7 41. f4 Re8 42. Qb7+ Kf8 43. fxe5 Kg8 44. Qd5+ Kh8 45. Qf7 Rg8 46. Qf6+
Kh7 47. e6 Qd1 48. Qh4+ Kg7 49. Qf2 1-0

[Event "SR 2. liga A 2016/2017"]
[Site "?"]
[Date "2016.12.03"]
[Round "5.1"]
[White "Puskar, Peter"]
[Black "Sosna, Jan"]
[Result "1/2-1/2"]
[WhiteElo "2199"]
[BlackElo "2346"]
[PlyCount "46"]
[EventDate "2016.??.??"]

1. d4 d5 2. Nf3 c6 3. e3 Bg4 4. b3 e6 5. Bb2 Nd7 6. Be2 Ngf6 7. O-O Be7 8. Nbd2
O-O 9. h3 Bh5 10. c4 a5 11. Ne5 Bg6 12. Nxg6 hxg6 13. Qc2 a4 14. c5 Qc7 15. b4
b5 16. cxb6 Qxb6 17. a3 Rfc8 18. Rac1 Ne8 19. e4 Nd6 20. e5 Nf5 21. Nf3 Bd8 22.
g4 Ne7 23. Bd3 Qa7 1/2-1/2

[Event "SR 2. liga A 2016/2017"]
[Site "?"]
[Date "2016.12.03"]
[Round "5.1"]
[White "Kapusta, Petr"]
[Black "Bango, Lukas"]
[Result "1/2-1/2"]
[WhiteElo "2234"]
[BlackElo "2091"]
[PlyCount "129"]
[EventDate "2016.??.??"]

1. e4 c5 2. Nf3 d6 3. d4 cxd4 4. Nxd4 Nf6 5. Nc3 g6 6. Bc4 Bg7 7. O-O O-O 8.
Re1 Nc6 9. Nxc6 bxc6 10. Bb3 Qc7 11. h3 Bb7 12. Bg5 h6 13. Bxf6 Bxf6 14. Qg4
Kh7 15. Rad1 Rad8 16. Rd3 Qc8 17. Qg3 c5 18. Nd5 Bxd5 19. Bxd5 c4 20. Ra3 e6
21. Qf3 Bg7 22. Rxa7 exd5 23. exd5 Rd7 24. Re7 Rxa7 25. Rxa7 Qe8 26. c3 Qb8 27.
Ra4 Qc7 28. g3 Re8 29. Kg2 f5 30. g4 fxg4 31. Qxg4 Re5 32. Qxc4 Rg5+ 33. Kf1
Qd7 34. h4 Qh3+ 35. Ke2 Re5+ 36. Kd2 Qf3 37. Kc2 Qxf2+ 38. Kb3 Re2 39. h5 Rxb2+
40. Ka3 Rb8 41. hxg6+ Kg8 42. Rb4 Ra8+ 43. Ra4 Rxa4+ 44. Kxa4 Qc2+ 45. Kb4 Qb2+
46. Ka4 Qxc3 47. Qc6 Qd4+ 48. Ka5 Qd2+ 49. Kb6 Qe3+ 50. Kc7 Qe7+ 51. Kb8 Bd4
52. a4 h5 53. a5 h4 54. g7 h3 55. Qc8+ Kxg7 56. Qg4+ Kf7 57. Qxd4 Qd8+ 58. Kb7
Qxa5 59. Qf4+ Ke7 60. Qg5+ Kf7 61. Qf5+ Kg7 62. Qd7+ Kg8 63. Qe8+ Kg7 64. Qe7+
Kg8 65. Qe6+ 1/2-1/2

[Event "SR 2. liga A 2016/2017"]
[Site "?"]
[Date "2016.12.03"]
[Round "5.1"]
[White "Kovacocy, Pavel"]
[Black "Koutny, Petr"]
[Result "1/2-1/2"]
[WhiteElo "2221"]
[BlackElo "2145"]
[PlyCount "68"]
[EventDate "2016.??.??"]

1. e4 c5 2. Nf3 e6 3. d3 d6 4. g3 Nf6 5. Bg2 Be7 6. O-O O-O 7. Qe2 Nc6 8. c3
Rb8 9. Rd1 e5 10. d4 Qc7 11. Na3 a6 12. Nc4 Bg4 13. dxc5 dxc5 14. Bg5 h6 15.
Bxf6 Bxf6 16. Ne3 Bxf3 17. Qxf3 Ne7 18. Ng4 Qb6 19. Rd7 Ng6 20. Nxf6+ Qxf6 21.
Qxf6 gxf6 22. Rad1 Rfc8 23. Bh3 Rc6 24. R1d6 Rxd6 25. Rxd6 Kg7 26. Rb6 Ne7 27.
Kf1 Nc6 28. Ke1 Na5 29. Bf1 Rc8 30. b4 cxb4 31. cxb4 Rc1+ 32. Ke2 Nc6 33. Bh3
Rc2+ 34. Kf1 Rxa2 1/2-1/2

[Event "SR 2. liga A 2016/2017"]
[Site "?"]
[Date "2016.12.03"]
[Round "5.1"]
[White "Hudacek, Josef"]
[Black "Drtina, Milan"]
[Result "1-0"]
[WhiteElo "2041"]
[BlackElo "2175"]
[PlyCount "165"]
[EventDate "2016.??.??"]

1. e4 e5 2. Nf3 Nc6 3. Bb5 a6 4. Ba4 Nf6 5. O-O Be7 6. Re1 b5 7. Bb3 d6 8. c3
Na5 9. Bc2 c5 10. d4 Qc7 11. d5 O-O 12. Nbd2 Nb7 13. a4 Bd7 14. b3 Rfb8 15. Nf1
Ne8 16. Ng3 g6 17. h3 c4 18. b4 a5 19. Ba3 bxa4 20. bxa5 Nxa5 21. Nxe5 Nb3 22.
Ra2 Bf6 23. Nxd7 Qxd7 24. Qf3 Be5 25. Qe3 Nc7 26. f4 Bg7 27. Ne2 Nb5 28. Bb4
Bf6 29. Rd1 Bd8 30. Qg3 Bb6+ 31. Kh1 Qa7 32. e5 Re8 33. Bb1 Bf2 34. Qg5 Bc5 35.
e6 Bxb4 36. cxb4 Qe7 37. Qxe7 Rxe7 38. f5 gxf5 39. Bxf5 Rc7 40. exf7+ Kxf7 41.
Bxh7 c3 42. Bc2 Raa7 43. Rd3 Kf6 44. Rf3+ Kg7 45. Rg3+ Kf7 46. Rd3 Rc4 47. Rf3+
Ke7 48. Bd3 Rxb4 49. Bxb5 c2 50. Rxc2 Rxb5 51. Nc3 Rbb7 52. Re2+ Kd8 53. Rf8+
Kc7 54. Rf7+ Kb6 55. Rxb7+ Rxb7 56. Nxa4+ Kb5 57. Re4 Ra7 58. Nc3+ Kc5 59. h4
Ra1+ 60. Kh2 Rc1 61. Ne2 Rf1 62. Nf4 Nd2 63. Ra4 Kb5 64. Rd4 Nb3 65. Rd3 Rxf4
66. Rxb3+ Kc4 67. Rh3 Kxd5 68. h5 Rf8 69. g4 Ke4 70. g5 Rg8 71. h6 Kf5 72. Rg3
Kg6 73. Kh3 Rc8 74. Kh4 Rc4+ 75. Rg4 d5 76. Kg3 Rc3+ 77. Kf2 Ra3 78. Rh4 Ra8
79. Rg4 Re8 80. Kf3 d4 81. Re4 Rd8 82. Kg4 Rd6 83. Re7 1-0

[Event "SR 2. liga A 2016/2017"]
[Site "?"]
[Date "2016.12.03"]
[Round "5.1"]
[White "Arendas, Marek"]
[Black "Harastova, Viera"]
[Result "0-1"]
[WhiteElo "2125"]
[BlackElo "1870"]
[PlyCount "54"]
[EventDate "2016.??.??"]

1. e4 e5 2. Nf3 Nc6 3. Bc4 Be7 4. d4 exd4 5. Nxd4 d6 6. Nc3 Nxd4 7. Qxd4 Bf6 8.
Qd3 Ne7 9. O-O O-O 10. f4 Be6 11. Nd5 Nxd5 12. exd5 Bd7 13. c3 g6 14. f5 Be5
15. Bh6 Qh4 16. Qh3 Qxc4 17. Bxf8 Rxf8 18. Qe3 Bxf5 19. Rxf5 gxf5 20. Qg5+ Kh8
21. Qxf5 Qxd5 22. Rf1 Rg8 23. Qc2 Qe6 24. Rf3 Qg6 25. Qe2 Qh6 26. g3 Qg6 27.
Kg2 f5 0-1

[Event "SR 2. liga A 2016/2017"]
[Site "?"]
[Date "2016.12.03"]
[Round "5.1"]
[White "Vepy, Ivan"]
[Black "Szitkey, Milan"]
[Result "0-1"]
[WhiteElo "1881"]
[BlackElo "2072"]
[PlyCount "58"]
[EventDate "2016.??.??"]

1. e4 e6 2. Nf3 d5 3. exd5 exd5 4. d4 Nf6 5. Bd3 Bg4 6. Bg5 Be7 7. Qe2 O-O 8.
h3 Bh5 9. Nbd2 c5 10. c3 Nc6 11. g4 Bg6 12. Be3 Re8 13. O-O cxd4 14. Nxd4 Nxd4
15. cxd4 Bd6 16. Bxg6 hxg6 17. Qf3 Ne4 18. Rad1 Qa5 19. a3 Re6 20. Rfe1 Rae8
21. Nb3 Qb5 22. Nc5 Bxc5 23. dxc5 Qxb2 24. Rxd5 Qxa3 25. Red1 Nxf2 26. Kxf2
Rxe3 27. Qf4 Re2+ 28. Kg1 Qxh3 29. R5d2 Qg2# 0-1

[Event "SR 2. liga A 2016/2017"]
[Site "?"]
[Date "2016.12.03"]
[Round "5.1"]
[White "Puchart, Vladimir"]
[Black "Hrubsa, Marian"]
[Result "1-0"]
[WhiteElo "2060"]
[BlackElo "1878"]
[PlyCount "101"]
[EventDate "2016.??.??"]

1. d4 d5 2. c4 e6 3. Nf3 Nf6 4. Bg5 Nbd7 5. Nc3 c6 6. e3 Qa5 7. Bxf6 Nxf6 8.
Qb3 Be7 9. Bd3 O-O 10. O-O dxc4 11. Bxc4 b5 12. Bd3 Ba6 13. Rfc1 Rac8 14. Nd2
Rfd8 15. Nce4 Bb7 16. Nxf6+ Bxf6 17. Ne4 Ba8 18. a4 Qb6 19. Qc2 Be7 20. axb5 f5
21. Nd2 c5 22. Nf3 Kf7 23. Qb3 Bb7 24. Rc3 Bd5 25. Bc4 Kf6 26. Bxd5 Rxd5 27.
Rac1 Rb8 28. dxc5 Bxc5 29. Qc2 Qxb5 30. Rxc5 Rxc5 31. Qxc5 Qxc5 32. Rxc5 Rxb2
33. g3 Ra2 34. Rc6 Ra1+ 35. Kg2 a5 36. Nd4 a4 37. Rxe6+ Kf7 38. Ra6 g6 39. Ra7+
Kg8 40. Nb5 Kh8 41. h4 Kg8 42. Kf3 h6 43. Nd4 Ra2 44. h5 gxh5 45. Nxf5 Ra1 46.
e4 Kf8 47. e5 Re1 48. Kf4 Re2 49. f3 Ra2 50. e6 a3 51. Ra8# 1-0

[Event "SR 2. liga A 2016/2017"]
[Site "?"]
[Date "2016.12.03"]
[Round "5.1"]
[White "Bartos, Bohumil"]
[Black "Doucha, Ludvig"]
[Result "0-1"]
[WhiteElo "1669"]
[BlackElo "1932"]
[PlyCount "72"]
[EventDate "2016.??.??"]

1. d4 Nf6 2. c4 c5 3. d5 e5 4. dxe6 fxe6 5. Nc3 d5 6. cxd5 exd5 7. e3 a6 8. Nf3
Nc6 9. Be2 Be7 10. O-O O-O 11. Qc2 b5 12. a3 b4 13. axb4 Nxb4 14. Qb3 Bf5 15.
Ne1 Rb8 16. Qd1 Qd6 17. Na2 a5 18. Nxb4 axb4 19. b3 Ne4 20. Bb2 Bf6 21. Ra6 Qd7
22. Bxf6 Rxf6 23. Rxf6 Nc3 24. Qd2 gxf6 25. Nd3 c4 26. Nc1 Qc6 27. Bf3 Ra8 28.
bxc4 Qxc4 29. Qd4 Ra6 30. Qxc4 dxc4 31. Ne2 Bd3 32. Nxc3 Bxf1 33. Kxf1 bxc3 34.
Bd5+ Kg7 35. Bxc4 Ra1+ 36. Ke2 c2 0-1

[Event "SR 2. liga A 2016/2017"]
[Site "?"]
[Date "2016.12.03"]
[Round "5.2"]
[White "Karas, Marek"]
[Black "Jablonicky, Martin"]
[Result "1/2-1/2"]
[WhiteElo "2209"]
[BlackElo "2281"]
[PlyCount "33"]
[EventDate "2016.??.??"]

1. d4 Nf6 2. Nf3 g6 3. Bg5 Bg7 4. Nbd2 d5 5. e3 O-O 6. Bd3 Nbd7 7. O-O Re8 8.
c3 e5 9. dxe5 Nxe5 10. Nxe5 Rxe5 11. Bh4 b6 12. Qc2 Bb7 13. Rad1 Qe8 14. Nf3
Re7 15. Qe2 c5 16. Bb5 Qc8 17. Bd3 1/2-1/2

[Event "SR 2. liga A 2016/2017"]
[Site "?"]
[Date "2016.12.03"]
[Round "5.2"]
[White "Chovan, Milan"]
[Black "Jozefek, Michal"]
[Result "1-0"]
[WhiteElo "2222"]
[BlackElo "2200"]
[PlyCount "67"]
[EventDate "2016.??.??"]

1. c4 Nf6 2. Nc3 c5 3. g3 Nc6 4. Bg2 g6 5. e3 Bg7 6. Nge2 O-O 7. O-O d6 8. d4
Bd7 9. b3 a6 10. Bb2 cxd4 11. exd4 Rb8 12. d5 Na5 13. Nd4 b5 14. cxb5 axb5 15.
Qd2 Qb6 16. Rfe1 Rfe8 17. h3 Rbc8 18. Qd3 b4 19. Nd1 Rc5 20. Ne3 Bc8 21. a3 Nd7
22. axb4 Qxb4 23. Nec2 Qb6 24. b4 Rxc2 25. Nxc2 Bxb2 26. Rxa5 Ne5 27. Qb3 Bd4
28. Nxd4 Qxd4 29. Rd1 Qb6 30. Ra8 Bd7 31. Rxe8+ Bxe8 32. Qc3 Bd7 33. Qd4 Qc7
34. f4 1-0

[Event "SR 2. liga A 2016/2017"]
[Site "?"]
[Date "2016.12.03"]
[Round "5.2"]
[White "Hecko, Dusan"]
[Black "Danada, Tomas"]
[Result "0-1"]
[WhiteElo "2064"]
[BlackElo "2246"]
[PlyCount "166"]
[EventDate "2016.??.??"]

1. c4 g6 2. Nc3 Bg7 3. Nf3 d6 4. g3 e5 5. Bg2 Ne7 6. O-O c5 7. Rb1 Nbc6 8. a3
a5 9. Ne1 Be6 10. d3 d5 11. cxd5 Nxd5 12. Nc2 O-O 13. Ne3 Nde7 14. b3 Rb8 15.
a4 h6 16. Nb5 Nd4 17. Nxd4 exd4 18. Nc4 Nd5 19. Bd2 b6 20. Qc2 Re8 21. e4 dxe3
22. fxe3 h5 23. Rbd1 h4 24. gxh4 Qxh4 25. Be1 Qh6 26. Bd2 Bh3 27. e4 Bd4+ 28.
Kh1 Bxg2+ 29. Kxg2 Qh5 30. Rf3 Qg4+ 31. Rg3 Qe2+ 32. Kh1 Nb4 33. Qb1 Nxd3 34.
Be3 Bxe3 35. Rxd3 Bf4 36. Rg2 Qxe4 37. Rd1 Qxb1 38. Rxb1 Re6 39. Rf2 Bc7 40.
Rd1 Rbe8 41. Rd7 R8e7 42. Rfd2 f5 43. h3 Kf7 44. Kg2 Re2+ 45. Kf3 Rxd2 46. Rxd2
g5 47. Rd3 Kg6 48. Rd5 Rh7 49. Kg2 g4 50. hxg4 fxg4 51. Nxb6 Rh2+ 52. Kf1 Bxb6
53. Rd6+ Kf5 54. Rxb6 Kf4 55. Rd6 Rh3 56. Rf6+ Kg3 57. Kg1 Rh5 58. Rd6 Rf5 59.
Rd2 Rf3 60. Rg2+ Kf4 61. Rc2 Rxb3 62. Rxc5 Kg3 63. Kf1 Rf3+ 64. Ke2 Kg2 65.
Rxa5 g3 66. Rg5 Rf2+ 67. Ke1 Ra2 68. a5 Kh2 69. Rh5+ Kg1 70. Rg5 Kg2 71. Re5
Kh1 72. Rg5 g2 73. Rh5+ Kg1 74. Rg5 Kh2 75. Rh5+ Kg3 76. Rg5+ Kf3 77. Kd1 g1=Q+
78. Rxg1 Ra1+ 79. Kc2 Rxg1 80. Kc3 Ke4 81. Kc4 Rc1+ 82. Kb5 Kd5 83. Kb6 Kd6 0-1

[Event "SR 2. liga A 2016/2017"]
[Site "?"]
[Date "2016.12.03"]
[Round "5.2"]
[White "Slobodnik, Michal"]
[Black "Pericka, Tomas"]
[Result "1-0"]
[WhiteElo "2101"]
[BlackElo "2017"]
[PlyCount "85"]
[EventDate "2016.??.??"]

1. d4 g6 2. e4 c5 3. Nf3 cxd4 4. c3 Nc6 5. cxd4 d5 6. exd5 Qxd5 7. Nc3 Qa5 8.
d5 Nb8 9. Bc4 Bg7 10. O-O Bd7 11. Qe2 Nf6 12. b4 Qxb4 13. Rb1 Qxc3 14. Bd2 Qc2
15. Bd3 Qc7 16. Rfc1 Nc6 17. dxc6 Bxc6 18. Ne5 O-O 19. Nxc6 bxc6 20. Qf3 Rac8
21. Ba6 Rb8 22. Rxb8 Rxb8 23. Qxc6 Qxc6 24. Rxc6 Ne4 25. Be3 Rb1+ 26. Bf1 Be5
27. g3 a5 28. Bh6 f5 29. Kg2 Nd6 30. Be3 a4 31. Ra6 Rb2 32. Rxa4 Ne4 33. Ra8+
Kg7 34. Bc4 g5 35. Rg8+ Kf6 36. Rf8+ Kg6 37. Bd3 Rxa2 38. Bxe4 fxe4 39. Rg8+
Bg7 40. Bd4 e3 41. Rxg7+ Kh6 42. Rxe7 Rxf2+ 43. Kg1 1-0